[Event "SVR-ch Seniors 37th"]
[Site "Heimbach Weis"]
[Date "2014.04.11"]
[Round "1"]
[White "Sefeloge, Michael"]
[Black "Blankenberg, Bruno"]
[Result "0-1"]
[WhiteElo "1657"]
[BlackElo "1899"]
[PlyCount "76"]
[EventDate "2014.04.11"]
[EventType "tourn"]
[EventRounds "9"]
[EventCountry "GER"]
[SourceTitle "CBM 160 Extra"]
[Source "ChessBase"]
[SourceDate "2014.07.01"]
[SourceVersion "1"]
[SourceVersionDate "2014.07.01"]
[SourceQuality "1"]

1. d4 f5 2. Nf3 b6 3. e3 Bb7 4. Be2 Nf6 5. c4 e6 6. Nc3 g6 7. 0-0 Bg7 8. a4 0-0 9. a5 Ne4 10. axb6 axb6 11. Rxa8 Bxa8 12. Nxe4 fxe4 13. Nd2 d5 14. Bg4 e5 15. Be6+ Kh8 16. Bxd5 Bxd5 17. cxd5 exd4 18. exd4 Qxd5 19. Qc2 Nc6 20. Nxe4 Nxd4 21. Qb1 Ne2+ 22. Kh1 Nxc1 23. Rxc1 c5 24. f3 Qd4 25. b3 Rd8 26. g3 Qe3 27. Kg2 Qe2+ 28. Nf2 Rd2 29. Rf1 Bd4 30. Qe4 Qxe4 31. fxe4 Rb2 32. Kf3 Rxb3+ 33. Kf4 h6 34. h4 Kg7 35. Ng4 h5 36. Ne5 Kf6 37. Nc4 b5 38. Na5 Be5# 0-1

[Event "SVR-ch Seniors 35th"]
[Site "Nickenich"]
[Date "2012.03.31"]
[Round "2"]
[White "Gatzmanga, Werner"]
[Black "Sefeloge, Michael"]
[Result "0-1"]
[WhiteElo "939"]
[BlackElo "1764"]
[PlyCount "92"]
[EventDate "2012.03.30"]
[EventType "swiss"]
[EventRounds "7"]
[EventCountry "GER"]
[SourceTitle "EXT 2013"]
[Source "ChessBase"]
[SourceDate "2012.11.22"]
[SourceVersion "1"]
[SourceVersionDate "2012.11.22"]
[SourceQuality "1"]

1. e4 c5 2. Bc4 d6 3. h3 Nf6 4. Nc3 a6 5. d3 e6 6. Nf3 Be7 7. Bg5 0-0 8. Qd2 Nc6 9. a3 b5 10. Ba2 Bb7 11. Be3 Qc7 12. g4 Nd7 13. h4 Nde5 14. Nxe5 Nxe5 15. Qe2 Rfd8 16. f4 Nc6 17. g5 b4 18. axb4 cxb4 19. Na4 Re8 20. Rf1 Qa5 21. b3 Bd8 22. f5 Qe5 23. Rc1 Nd4 24. Bxd4 Qxd4 25. f6 Rc8 26. Kd2 Bc6 27. c3 bxc3+ 28. Rxc3 Ba5 29. Kc2 Bxa4 30. Rc4 Rxc4+ 31. dxc4 Qc3+ 32. Kb1 Bxb3 33. Qb2 Qxb2+ 34. Kxb2 Bxa2 35. Kxa2 Rb8 36. Rd1 Bb4 37. Kb3 Bc5+ 38. Ka4 Rb2 39. e5 dxe5 40. h5 Bd4 41. h6 g6 42. c5 Bxc5 43. Rd8+ Bf8 44. Rd3 Ra2+ 45. Kb3 Ra3+ 46. Kb2 Rxd3 0-1

[Event "SVR-ch Seniors 33rd"]
[Site "Mendig"]
[Date "2010.04.01"]
[Round "4"]
[White "Sefeloge, Michael"]
[Black "Wittelsberger, Helmut"]
[Result "1-0"]
[WhiteElo "1852"]
[BlackElo "1954"]
[PlyCount "39"]
[EventDate "2010.03.26"]
[EventType "swiss"]
[EventRounds "7"]
[EventCountry "GER"]
[SourceTitle "EXT 2011"]
[Source "ChessBase"]
[SourceDate "2010.11.26"]
[SourceVersion "1"]
[SourceVersionDate "2010.11.26"]
[SourceQuality "1"]

1. d4 Nf6 2. c4 e5 3. dxe5 Ne4 4. Nf3 Bb4+ 5. Nbd2 Nc6 6. a3 Bxd2+ 7. Bxd2 Nxd2 8. Qxd2 Qe7 9. Qc3 b6 10. e3 Bb7 11. Be2 0-0-0 12. 0-0 g5 13. b4 g4 14. Nd4 Nxe5 15. c5 Kb8 16. Rfc1 Rc8 17. b5 bxc5 18. Qxc5 d6 19. Qb4 Rhg8 20. Nc6+ 1-0

[Event "SVR-ch Seniors 33rd"]
[Site "Mendig"]
[Date "2010.03.27"]
[Round "2"]
[White "Sefeloge, Michael"]
[Black "Kroetz, Hermann Josef"]
[Result "1-0"]
[WhiteElo "1852"]
[BlackElo "1895"]
[PlyCount "93"]
[EventDate "2010.03.26"]
[EventType "swiss"]
[EventRounds "7"]
[EventCountry "GER"]
[SourceTitle "EXT 2011"]
[Source "ChessBase"]
[SourceDate "2010.11.26"]
[SourceVersion "1"]
[SourceVersionDate "2010.11.26"]
[SourceQuality "1"]

1. d4 Nf6 2. c4 e5 3. dxe5 Ng4 4. Nf3 Nc6 5. e3 Ngxe5 6. Nxe5 Nxe5 7. Be2 Bb4+ 8. Nd2 0-0 9. a3 Bxd2+ 10. Bxd2 d6 11. 0-0 b6 12. Bc3 Bb7 13. f4 Nd7 14. Bf3 Bxf3 15. Rxf3 Nc5 16. Rg3 f6 17. b4 Nd7 18. Qg4 Qe7 19. Rd1 Rad8 20. Rd5 g6 21. h4 c6 22. Rd2 Kf7 23. Qf3 Nb8 24. h5 Rg8 25. hxg6+ hxg6 26. e4 Rh8 27. Kf2 Rh6 28. e5 dxe5 29. fxe5 f5 30. Rxd8 Qxd8 31. Qe3 Qh4 32. Qg5 f4 33. Qxh4 Rxh4 34. Rf3 Ke6 35. Rd3 g5 36. Kf3 Kf5 37. Rd8 g4+ 38. Kf2 Na6 39. Rf8+ Ke4 40. e6 g3+ 41. Ke2 Rh2 42. e7 Nc7 43. e8Q+ Nxe8 44. Rxe8+ Kf5 45. Kf3 Rh1 46. Re5+ Kg6 47. Kxf4 1-0

[Event "SVR-ch Seniors 33rd"]
[Site "Mendig"]
[Date "2010.03.26"]
[Round "1"]
[White "Baudner, Guntmar"]
[Black "Sefeloge, Michael"]
[Result "1-0"]
[WhiteElo "2085"]
[BlackElo "1852"]
[PlyCount "43"]
[EventDate "2010.03.26"]
[EventType "swiss"]
[EventRounds "7"]
[EventCountry "GER"]
[SourceTitle "EXT 2011"]
[Source "ChessBase"]
[SourceDate "2010.11.26"]
[SourceVersion "1"]
[SourceVersionDate "2010.11.26"]
[SourceQuality "1"]

1. d4 d5 2. c4 e6 3. Nc3 Nf6 4. f3 Be7 5. e4 dxe4 6. fxe4 c6 7. e5 Nfd7 8. Nf3 0-0 9. Bd3 Na6 10. 0-0 Nc7 11. Be3 b6 12. Rc1 Bb7 13. Bb1 c5 14. d5 exd5 15. cxd5 Ne8 16. d6 Bh4 17. Qd3 g6 18. Ne4 f5 19. Neg5 Bxg5 20. Bxg5 Qc8 21. Be7 Bxf3 22. Qxf3 1-0

[Event "Rhein Main op 10th"]
[Site "Bad Homburg"]
[Date "2007.06.08"]
[Round "4"]
[White "Witt, Holger"]
[Black "Sefeloge, Michael"]
[Result "0-1"]
[WhiteElo "1441"]
[BlackElo "1872"]
[PlyCount "98"]
[EventDate "2007.06.06"]
[EventType "swiss"]
[EventRounds "7"]
[EventCountry "GER"]
[SourceTitle "EXT 2008"]
[Source "ChessBase"]
[SourceDate "2007.11.25"]
[SourceVersion "1"]
[SourceVersionDate "2007.11.25"]
[SourceQuality "1"]

1. e4 c5 2. Nf3 d6 3. d4 cxd4 4. Nxd4 Nf6 5. Nc3 a6 6. Be3 e6 7. f3 Be7 8. Qd2 0-0 9. 0-0-0 Qc7 10. g4 h6 11. h4 Nh7 12. g5 h5 13. f4 Nc6 14. f5 Nxd4 15. Bxd4 exf5 16. Nd5 Qd8 17. Bd3 fxe4 18. Bxe4 Be6 19. Nxe7+ Qxe7 20. Rhe1 Qc7 21. g6 fxg6 22. Rg1 Bg4 23. Rde1 Qf7 24. Bc3 Qf4 25. Re3 Nf6 26. Bxg6 Rad8 27. Rge1 d5 28. Bb4 Ne4 29. Bxe4 dxe4 30. Qc3 Kh8 31. Bxf8 Rxf8 32. Kb1 Bf3 33. Qc5 Rf5 34. Qc8+ Kh7 35. Qxb7 Qxh4 36. Qxa6 Qf4 37. Qb6 h4 38. Qd4 h3 39. Rg1 Rg5 40. Rxg5 Qxg5 41. Re1 h2 42. Qf2 Qh5 43. b4 h1Q 44. Rxh1 Bxh1 45. a4 Bf3 46. b5 Qe5 47. b6 e3 48. Qh4+ Kg6 49. b7 e2 0-1

[Event "Rhein Main op 10th"]
[Site "Bad Homburg"]
[Date "2007.06.07"]
[Round "3"]
[White "Sefeloge, Michael"]
[Black "Ellrich, Jochen"]
[Result "0-1"]
[WhiteElo "1872"]
[BlackElo "2104"]
[PlyCount "96"]
[EventDate "2007.06.06"]
[EventType "swiss"]
[EventRounds "7"]
[EventCountry "GER"]
[SourceTitle "EXT 2008"]
[Source "ChessBase"]
[SourceDate "2007.11.25"]
[SourceVersion "1"]
[SourceVersionDate "2007.11.25"]
[SourceQuality "1"]

1. d4 e6 2. c4 Nf6 3. Nf3 Bb4+ 4. Bd2 Bxd2+ 5. Nbxd2 Nc6 6. e3 d6 7. Be2 0-0 8. 0-0 e5 9. dxe5 dxe5 10. h3 Bf5 11. a3 Bd3 12. Bxd3 Qxd3 13. Ne1 Qd6 14. Qc2 Rad8 15. Rd1 e4 16. g3 Ne5 17. Ng2 Qe6 18. Nf4 Qf5 19. Kh2 c6 20. f3 g5 21. fxe4 Qc8 22. Ng2 Qe6 23. Rf5 h6 24. Rdf1 Nh5 25. Qc3 f6 26. Nf3 Qxc4 27. Qxc4+ Nxc4 28. Nd4 Nxe3 29. Ne6 Nxf1+ 30. Rxf1 Rd2 31. Nxf8 Kxf8 32. e5 Ke7 33. exf6+ Nxf6 34. b4 Nd5 35. Rf3 Rc2 36. Kg1 Rc3 37. Rxc3 Nxc3 38. Ne3 Ke6 39. g4 Nb5 40. a4 Nc3 41. a5 Nd5 42. Nf5 Nxb4 43. Nxh6 c5 44. Nf5 Nc6 45. Ng3 Ke5 46. Kf2 Nxa5 47. Ke3 Nc4+ 48. Kd3 Nd6 0-1

[Event "Karl Mala Memorial op 10th"]
[Site "Griesheim"]
[Date "2006.07.23"]
[Round "6"]
[White "Klamp, Yannic"]
[Black "Sefeloge, Michael"]
[Result "0-1"]
[WhiteElo "1322"]
[BlackElo "1879"]
[PlyCount "76"]
[EventDate "2006.07.20"]
[EventType "swiss"]
[EventRounds "7"]
[EventCountry "GER"]
[SourceTitle "CBM 113 Extra"]
[Source "ChessBase"]
[SourceDate "2006.09.14"]
[SourceVersion "1"]
[SourceVersionDate "2006.09.14"]
[SourceQuality "1"]

1. c4 e6 2. g3 d5 3. b3 Nf6 4. Nc3 Be7 5. Bg2 c6 6. Nf3 0-0 7. 0-0 b6 8. d4 Bb7 9. cxd5 cxd5 10. Bf4 Nbd7 11. Rc1 Ba6 12. Nb1 Rc8 13. Re1 Bb4 14. Bd2 Bd6 15. b4 Ne4 16. a4 Nxd2 17. Qxd2 Nf6 18. b5 Bb7 19. Qb2 Qe7 20. Rxc8 Rxc8 21. Rc1 Rc7 22. e3 Qd8 23. Nfd2 Qc8 24. Rxc7 Qxc7 25. Qc3 Qxc3 26. Nxc3 Bb4 27. Ncb1 a6 28. Bf1 a5 29. Nf3 Nd7 30. Bd3 f6 31. Kf1 e5 32. dxe5 Nxe5 33. Nxe5 fxe5 34. Ke2 e4 35. Bc2 Kf7 36. Nd2 Bc8 37. Bd1 Kf6 38. Nb3 Bg4+ 0-1